|
|
|
|
| LEADER |
00000nab a2200000 a 4500 |
| 001 |
vtls000874960 |
| 003 |
SK-MaSNL |
| 005 |
20260302161711.0 |
| 008 |
180205c2004 xo 0 slo |
| 015 |
|
|
|a SNBRB2004/06-17137
|
| 035 |
|
|
|a CLN000226512
|
| 040 |
|
|
|a SNKBUCL
|b slo
|c SNKBUCL
|e AACR2
|
| 041 |
0 |
|
|a slo
|
| 044 |
|
|
|a xo
|c SK
|
| 080 |
|
|
|a 32-051
|2 UDC-MRF-SK2
|
| 080 |
|
|
|a 341.71(437.6)
|2 UDC-MRF-SK2
|
| 100 |
1 |
|
|a Matejčíková, Daša
|4 ain
|9 842231
|
| 245 |
1 |
0 |
|a Bútora: Prezidenta by som robil rád a dobre
|c [zhovárala sa] Daša Matejčíková
|
| 300 |
|
|
|b Fotogr.
|
| 600 |
1 |
7 |
|a Bútora, Martin,
|d 1944-
|2 snkbucl
|9 91157
|
| 655 |
|
7 |
|a články z novín a časopisov
|2 snkbucl
|9 267496
|
| 700 |
1 |
|
|a Bútora, Martin,
|d 1944-
|4 aut
|4 uin
|9 91157
|
| 773 |
0 |
|
|x 1335-440X
|t Sme
|g Roč. 12, č. 112 (17.5.2004)
|
| 773 |
0 |
|
|x 1335-440X
|t [Príl.] Ľudia
|g Roč. 4, č. 19 (2004), s. 30
|
| 850 |
|
|
|a Slovenská národná knižnica v Martine
|
| 852 |
|
|
|a SNK
|b KIS3GCP
|
| 958 |
|
|
|a RBX
|
| 999 |
|
|
|c 1378115
|d 1380045
|